Manželstvo a rodina v ČSR /

Main Author: Planková, Olga
Language: Slovak
Published: Martin : Osveta, [1953]
Series: Veda ľudu
Physical Description: 35 s.
Book
Saved in:
LEADER 00639nam a22002172a 4500
001 001695743
003 CZ BrMZK
005 20190801202118.0
007 ta
008 190720s1953 xo er|||||||||||slo d
040 |a BOA001  |b cze  |e aacr2 
100 1 |a Planková, Olga  |7 jn20010309718  |4 aut 
245 1 0 |a Manželstvo a rodina v ČSR /  |c Oľga Planková 
260 |a Martin :  |b Osveta,  |c [1953] 
300 |a 35 s. 
490 1 |a Veda ľudu ;  |v roč. 1., č. 50 
830 0 |a Veda ľudu 
910 |a BOA001  |b X-0317.903 
990 |a BK 
991 |b 201908 
996 7 |b 2618806873  |c X-0317.903  |l MZK  |r Sklad / do 24 hodin  |n 0  |w 001737026  |u 000010  |a 1  |e BOA001  |j MZK50  |s A